Top 20 AFL games 2025 - Statistics

General Stats
  • This quiz has been taken 13 times
  • The average score is 18 of 20
Answer Stats
Rank Round Ground Loser Winner Margin % Correct
14 21 Adelaide Oval Hawthorn Adelaide 14
100%
20 23 Adelaide Oval Collingwood Adelaide 3
100%
7 19 MCG Collingwood Fremantle 1
100%
1 EF OPTUS Fremantle Gold Coast 1
100%
17 15 ENGIE Gold Coast GWS 7
100%
9 9 Ninja Stadium (Draw) North Melbourne/Brisbane 0
100%
18 24 Adelaide Oval Gold Coast Port Adelaide 4
100%
10 9 Adelaide Oval Port Adelaide Adelaide 5
88%
12 13 Adelaide Oval Brisbane Adelaide 5
88%
16 1 SCG Sydney Brisbane 4
88%
8 13 MCG Melbourne Collingwood 1
88%
3 8 MCG Collingwood Geelong 3
88%
6 6 MCG Hawthorn Geelong 7
88%
4 4 Heritage Bank Adelaide Gold Coast 1
88%
11 18 Heritage Bank Collingwood Gold Coast 6
88%
5 9 GMHBA Geelong GWS 4
88%
19 14 GABBA Brisbane GWS 11
88%
2 20 Marvel Melbourne St Kilda 6
88%
15 1 MCG Melbourne GWS 3
75%
13 1 MCG Carlton Richmond 13
75%
No matching quizzes found
Score Distribution
Percent of People with Each Score
Percentile by Number Answered
Your Score History
You have not taken this quiz